| 000 | 00721nam a2200205 i 4500 | ||
|---|---|---|---|
| 001 | 106257 | ||
| 003 | ES-MaACL | ||
| 005 | 20231222063047.0 | ||
| 007 | t| | ||
| 008 | 061017s2005 sp ||||1| spa d | ||
| 080 | _a355.48(460)"0778" | ||
| 100 | 1 |
_aGarcía Pérez, Guillermo, _d1942- _955106 |
|
| 245 | 1 | 0 |
_aCarlomagno en Roncesvalles _b: un error militar viario / _cGuillermo García Pérez. |
| 260 |
_a[S.l. : _bs.n., _c2005] |
||
| 300 |
_ap. 11-34 : _bil. ; _c30 cm. |
||
| 500 | _aEjemplar fotocopiado del artículo de la revista: El Nuevo Miliario, nº 1, diciembre, 2005. | ||
| 650 | 1 | 4 |
_aRoncesvalles, Batalla de, 778. _916952 |
| 852 |
_aES-MaACL _j2206-F-42 _bR.138029 |
||
| 999 |
_c106257 _d106257 |
||